00557nam a2200193Ia 450000500170000000800410001702000150005808200130007310000190008624500430010526000500014830000120019865000080021065000130021865000160023194200060024795200950025399900150034820240402041815.0240331s9999 xx 000 0 und d a9559098454 bGLOa330 aHettige, S.T.  0aGlobalization, social change and youth aColombo :bGerman Cultural Institute /c1998. a148 p., aSex aCultural aNationalism cL 001040708LaWERCLbWERCLcSSCd2024-03-31l0o 330 GLOp5588r2024-03-31w2024-03-31yL c2578d2578